Extrovert verzus introvert: Keď je kolega introvert...

Praktické rady, ako efektívne komunikovať a pracovať s introvertom.

Uložené v:
Podrobná bibliografia
Hlavný autor: Dubeňová, Katarína
Médium: Kapitola
Jazyk:Slovak
Predmet:
Tagy: Pridať tag
Žiadne tagy, Buďte prvý, kto otaguje tento záznam!

MARC

LEADER 00000nla a2200000 4500
001 0168447
005 20240502072931.9
041 0 |a slo 
044 |a SK 
245 1 0 |a Extrovert verzus introvert: Keď je kolega introvert...  |c Katarína Dubeňová 
520 |a Praktické rady, ako efektívne komunikovať a pracovať s introvertom. 
610 2 0 |a kolektív pracovný 
610 2 0 |a vzťahy pracovné 
610 2 0 |a zamestnanci 
610 2 0 |a komunikácia 
610 2 0 |a prostredie pracovné 
610 2 0 |a psychológia 
100 1 |a Dubeňová, Katarína